Reglas de Catalogación Angloamericanas /
Guardado en:
| Autores Corporativos: | , |
|---|---|
| Otros Autores: | , |
| Formato: | Libro |
| Idioma: | Spanish English |
| Publicado: |
Santafé de Bogotá, D.C. :
Rojas Eberhard Editores Ltda.,
1998.
|
| Edición: | 2º ed., rev. 1988, enmiendas 1993 y 1997. |
| Materias: | |
| Etiquetas: |
Agregar Etiqueta
Sin Etiquetas, Sea el primero en etiquetar este registro!
|
| LEADER | 01280nam a22002775a 4500 | ||
|---|---|---|---|
| 001 | EIQ.libpla002036 | ||
| 008 | 070330s1998####ck############001#0#spa#d | ||
| 005 | 20070330180140.0 | ||
| 245 | 1 | 0 | |a Reglas de Catalogación Angloamericanas / |c preparadas bajo la dirección del Joint Steering Committee for Revision of AACR, un Comité de la American Library Association ... [et al.] ; editadas por Michael Gorman y Paul Winkler ; traducidas por Margarita Amaya de Heredia. |
| 250 | |a 2º ed., rev. 1988, enmiendas 1993 y 1997. | ||
| 260 | |a Santafé de Bogotá, D.C. : |b Rojas Eberhard Editores Ltda., |c 1998. | ||
| 300 | |a 1v. (en varias paginaciones) ; |c 26 cm. | ||
| 500 | |a Traducción de: Anglo-American cataloguing rules. | ||
| 500 | |a Incluye índice. | ||
| 020 | |a 9589121063 | ||
| 710 | 2 | |a Joint Steering Committee for Revision of AACR. | |
| 700 | 1 | |a Gorman, Michael, |e ed. |4 edt | |
| 700 | 1 | |a Winkler, Paul, |e ed. |4 edt | |
| 650 | 4 | |a Catalogación bibliográfica |x Normas. | |
| 650 | 4 | |a Catalogación descriptiva |x Reglas. | |
| 650 | 4 | |a Descriptive cataloguing |x Rules. | |
| 650 | 4 | |a Bibliographical cataloguing |x Norms. | |
| 040 | |a AR-BbSID |b spa |c AR-BbSID | ||
| 041 | 1 | |a spa |h eng | |
| 110 | 2 | |a American Library Association. | |
| 859 | |a AR-BbSID |b BIB. PLAPIQUI |h 025.32 |i Am 35 |k R |p 5544 |v 88 | ||
